[Event "KONIK MORSKI REWALA 2013<br>Miedzynarodo"]
[Site "<font size="]
[Date "2013.08.27"]
[Round "7.17"]
[White "Jacek, Krystian"]
[Black "Marczuk, Anna"]
[Result "1-0"]
[WhiteElo "2166"]
[BlackElo "1780"]
[PlyCount "65"]
[EventDate "2013.??.??"]

1. e4 c6 2. d4 d5 3. exd5 cxd5 4. c4 Nf6 5. Nc3 g6 6. Nf3 Bg7 7. Qb3 O-O 8.
cxd5 Nbd7 9. d6 exd6 10. Be2 Nb6 11. O-O Be6 12. Qd1 Rc8 13. a4 Nbd5 14. Nxd5
Nxd5 15. Bg5 Qa5 16. Bd2 Qd8 17. Bd3 a6 18. Re1 Qd7 19. h3 Bf5 20. Bxf5 Qxf5
21. Qb3 Nf6 22. Qxb7 Rb8 23. Qxa6 Rxb2 24. Be3 Rd8 25. a5 Nd5 26. Re2 Rxe2 27.
Qxe2 Rc8 28. a6 Rc2 29. a7 Nc7 30. Qxc2 Qxc2 31. a8=Q+ Nxa8 32. Rxa8+ Bf8 33.
Bh6 1-0

[Event "KONIK MORSKI REWALA 2013<br>Miedzynarodo"]
[Site "<font size="]
[Date "2013.08.27"]
[Round "7.18"]
[White "Smola, Michal"]
[Black "Gawiec, Konrad"]
[Result "1-0"]
[WhiteElo "2160"]
[BlackElo "1947"]
[PlyCount "55"]
[EventDate "2013.??.??"]

1. e4 c5 2. Nc3 Nc6 3. f4 g6 4. Nf3 Bg7 5. Bc4 d6 6. O-O e6 7. d3 Nge7 8. Qe1
a6 9. a4 Rb8 10. Qh4 Nd4 11. Nxd4 cxd4 12. Nd1 d5 13. Bb3 dxe4 14. dxe4 Nc6 15.
Qg3 Bd7 16. f5 O-O 17. f6 Bh8 18. Nf2 Na5 19. Bf4 Rc8 20. Bd6 Re8 21. Ng4 h5
22. Nh6+ Kh7 23. Nxf7 d3 24. Kh1 dxc2 25. Ng5+ Kh6 26. Qf4 Bb5 27. Nf7+ Kh7 28.
Qh6+ 1-0

[Event "KONIK MORSKI REWALA 2013<br>Miedzynarodo"]
[Site "<font size="]
[Date "2013.08.27"]
[Round "7.20"]
[White "Zombirt, Filip"]
[Black "Guzik, Jolanta"]
[Result "1-0"]
[WhiteElo "1964"]
[BlackElo "2100"]
[PlyCount "83"]
[EventDate "2013.??.??"]

1. d4 d5 2. c4 e6 3. g3 f5 4. Bg2 Nf6 5. Nh3 c6 6. Qc2 Bd6 7. Bf4 O-O 8. O-O
Qe7 9. Nd2 Nbd7 10. Nf3 e5 11. dxe5 Nxe5 12. Nxe5 Bxe5 13. Rfd1 dxc4 14. Qxc4+
Be6 15. Qc2 Bd5 16. Bxe5 Qxe5 17. Nf4 Bxg2 18. Kxg2 Rae8 19. e3 g5 20. Ne2 Rf7
21. Rd4 Nd5 22. Nc3 Nxc3 23. Qxc3 c5 24. Rc4 Qxc3 25. Rxc3 b6 26. Rd1 g4 27.
Rd6 Kg7 28. a4 Re4 29. a5 Rb4 30. b3 Rf6 31. Rd7+ Rf7 32. Rdd3 bxa5 33. Rxc5 a4
34. bxa4 Rxa4 35. Rdd5 Kg6 36. h3 h5 37. Rc6+ Kg7 38. Rdd6 Ra2 39. Rg6+ Kf8 40.
Rc8+ Ke7 41. Rc7+ Ke8 42. Rg8+ 1-0

[Event "KONIK MORSKI REWALA 2013<br>Miedzynarodo"]
[Site "<font size="]
[Date "2013.08.27"]
[Round "7.21"]
[White "Kucza, Karol"]
[Black "Czyz, Artur"]
[Result "1/2-1/2"]
[WhiteElo "1989"]
[BlackElo "2042"]
[PlyCount "31"]
[EventDate "2013.??.??"]

1. e4 g6 2. d4 Bg7 3. Be2 c6 4. Be3 d5 5. Nc3 dxe4 6. Nxe4 Nf6 7. Nxf6+ Bxf6 8.
Qd2 Be6 9. Nf3 Na6 10. Bxa6 bxa6 11. Bh6 Rb8 12. b3 Bd5 13. Qe3 Qa5+ 14. c3
Rxb3 15. O-O Rxc3 16. Qf4 1/2-1/2

[Event "KONIK MORSKI REWALA 2013<br>Miedzynarodo"]
[Site "<font size="]
[Date "2013.08.27"]
[Round "7.23"]
[White "Marczuk, Dominik"]
[Black "Smolka, Marcin"]
[Result "1/2-1/2"]
[WhiteElo "2049"]
[BlackElo "2040"]
[PlyCount "63"]
[EventDate "2013.??.??"]

1. e4 e5 2. Nf3 Nc6 3. Bc4 Nf6 4. d3 Bc5 5. O-O d6 6. c3 O-O 7. Bb3 a6 8. Nbd2
Be6 9. Re1 Re8 10. Nf1 d5 11. Qe2 Qe7 12. Bg5 dxe4 13. dxe4 h6 14. Bd2 Rad8 15.
Ng3 Bg4 16. Be3 Nh5 17. Nxh5 Bxh5 18. Bd5 Bxe3 19. Qxe3 Rd6 20. h3 Nd8 21. Rad1
Kh8 22. Bb3 Bxf3 23. Qxf3 Kg8 24. Rxd6 Qxd6 25. Rd1 Qe7 26. Qf5 c6 27. Rd7 Qf8
28. Rc7 Re7 29. Qc8 Qe8 30. g3 Kf8 31. Rxe7 Qxe7 32. Qg4 1/2-1/2

[Event "KONIK MORSKI REWALA 2013<br>Miedzynarodo"]
[Site "<font size="]
[Date "2013.08.27"]
[Round "7.24"]
[White "Spicak, Krzysztof"]
[Black "Mucha, Magdalena"]
[Result "1/2-1/2"]
[WhiteElo "1962"]
[BlackElo "1955"]
[PlyCount "60"]
[EventDate "2013.??.??"]

1. d4 d5 2. c4 c6 3. Nc3 Nf6 4. Nf3 e6 5. Bg5 Nbd7 6. e3 Be7 7. Bd3 dxc4 8.
Bxc4 b5 9. Bd3 Bb7 10. O-O a6 11. Bxf6 Nxf6 12. Rc1 Rc8 13. a4 O-O 14. Qe2 Qb6
15. Ne5 Rfd8 16. Ne4 Nxe4 17. Bxe4 f5 18. a5 Qxa5 19. Bxc6 Qb6 20. Qf3 Rc7 21.
Bxb7 Qxb7 22. Qxb7 Rxb7 23. Rc6 Bd6 24. Rxa6 Bxe5 25. dxe5 Kf7 26. f4 Rd2 27.
Rf2 Rd1+ 28. Rf1 Rd2 29. Rf2 Rd1+ 30. Rf1 Rd2 1/2-1/2

[Event "KONIK MORSKI REWALA 2013<br>Miedzynarodo"]
[Site "<font size="]
[Date "2013.08.27"]
[Round "7.25"]
[White "Gabryjalowicz, Jakub"]
[Black "Smal, Tobiasz"]
[Result "1/2-1/2"]
[WhiteElo "1781"]
[BlackElo "1928"]
[PlyCount "48"]
[EventDate "2013.??.??"]

1. e4 c5 2. Nf3 d6 3. d4 cxd4 4. Qxd4 Nc6 5. Bb5 Bd7 6. Bxc6 Bxc6 7. Nc3 h6 8.
Qd3 Nf6 9. Nd4 e6 10. f3 Be7 11. Be3 a6 12. O-O-O Rc8 13. g4 Nd7 14. Nxc6 Rxc6
15. f4 g5 16. Bd4 Bf6 17. f5 Bxd4 18. Qxd4 Qf6 19. h4 Qxd4 20. Rxd4 Rg8 21.
hxg5 hxg5 22. Rh6 Ke7 23. Nd1 Nf6 24. Ne3 Rc7 1/2-1/2

[Event "KONIK MORSKI REWALA 2013<br>Miedzynarodo"]
[Site "<font size="]
[Date "2013.08.27"]
[Round "7.26"]
[White "Knap, Jerzy"]
[Black "Blaszkiewicz, Mateusz"]
[Result "1-0"]
[WhiteElo "1732"]
[BlackElo "1833"]
[PlyCount "119"]
[EventDate "2013.??.??"]

1. d4 Nf6 2. c4 c5 3. d5 b5 4. cxb5 a6 5. bxa6 Bxa6 6. Nc3 g6 7. Nf3 d6 8. g3
Bg7 9. e4 Bxf1 10. Kxf1 O-O 11. Kg2 Nbd7 12. h3 Qa5 13. Bd2 Nb6 14. Qc2 Nc4 15.
Rhe1 Nd7 16. Nd1 Nxd2 17. Qxd2 Rfb8 18. Qxa5 Rxa5 19. Re2 Nb6 20. Rc2 Rba8 21.
Nc3 f5 22. exf5 gxf5 23. Nh4 f4 24. Nf5 Bxc3 25. bxc3 Nxd5 26. c4 Nb4 27. Re2
Rxa2 28. Raxa2 Rxa2 29. Rxa2 Nxa2 30. Nxe7+ Kf7 31. Nc8 Ke6 32. gxf4 Nb4 33.
f5+ Kd7 34. f6 Nd3 35. f7 Nf4+ 36. Kg3 Ng6 37. Nb6+ Ke6 38. Nd5 Kxf7 39. f4 h5
40. Ne3 Kf6 41. Kf3 Nf8 42. Ke4 Ne6 43. Nd5+ Kg7 44. Kf5 Kf7 45. h4 Ng7+ 46.
Kg5 Kg8 47. Kg6 Kf8 48. f5 Kg8 49. f6 Ne6 50. Kxh5 Kf7 51. Kg4 Nf8 52. h5 Nd7
53. Kf5 Ne5 54. h6 Ng6 55. h7 Nh4+ 56. Kg5 Ng6 57. Kh6 Nh8 58. Kg5 Ke6 59. Nf4+
Kf7 60. Kf5 1-0

[Event "KONIK MORSKI REWALA 2013<br>Miedzynarodo"]
[Site "<font size="]
[Date "2013.08.28"]
[Round "8.1"]
[White "Malaniuk, Vladimir P"]
[Black "Ziaziulkina, Nastassia"]
[Result "1-0"]
[WhiteElo "2528"]
[BlackElo "2340"]
[PlyCount "89"]
[EventDate "2013.??.??"]

1. d4 d5 2. c4 c6 3. Nf3 Nf6 4. Nc3 e6 5. e3 Nbd7 6. Bd3 dxc4 7. Bxc4 b5 8. Bd3
Bd6 9. O-O O-O 10. Bd2 Bb7 11. Rc1 Rc8 12. a3 a5 13. e4 e5 14. dxe5 Nxe5 15.
Nxe5 Bxe5 16. Qe2 Re8 17. Rfd1 Qe7 18. f3 Rcd8 19. Be3 Rd7 20. Qf2 Red8 21. Bf1
a4 22. Rxd7 Rxd7 23. Na2 Qe6 24. Nb4 Qb3 25. Rc2 h6 26. Qe2 Rd8 27. Bb6 Re8 28.
Rd2 Qe6 29. Be3 Bc7 30. Nd3 Nd7 31. Qd1 Bc8 32. Rc2 Rd8 33. Qc1 Ne5 34. Nb4 Qd6
35. f4 Nc4 36. Bxc4 bxc4 37. Rxc4 c5 38. Bxc5 Qxf4 39. Qxf4 Bxf4 40. Nd5 Be5
41. Bb6 Ba6 42. Rxa4 Ra8 43. Bd4 Bd6 44. Nb6 Ra7 45. Nc8 1-0

[Event "KONIK MORSKI REWALA 2013<br>Miedzynarodo"]
[Site "<font size="]
[Date "2013.08.28"]
[Round "8.2"]
[White "Kaczmarek, Aleksander"]
[Black "Stachowiak, Kamil"]
[Result "0-1"]
[WhiteElo "2147"]
[BlackElo "2470"]
[PlyCount "72"]
[EventDate "2013.??.??"]

1. e4 c5 2. Nf3 Nc6 3. d4 cxd4 4. Nxd4 e6 5. Nc3 Qc7 6. f4 a6 7. Nf3 b5 8. Bd3
Bb7 9. O-O Nf6 10. e5 b4 11. Ne4 Nxe4 12. Bxe4 Bc5+ 13. Kh1 Ne7 14. Bd3 h5 15.
Bd2 g6 16. a3 a5 17. axb4 axb4 18. Rxa8+ Bxa8 19. Qe1 Qb6 20. Ng5 Nf5 21. Be4
O-O 22. Rf3 Be7 23. Rb3 Bxg5 24. fxg5 Bxe4 25. Qxe4 Qa6 26. h3 Rc8 27. Bxb4 Rc4
28. Qd3 Qa1+ 29. Kh2 Rd4 30. Ra3 Qc1 31. Qxd4 Nxd4 32. Be7 Ne2 33. Ra8+ Kh7 34.
Bc5 Qf4+ 35. Kh1 Ng3+ 36. Kh2 Ne4+ 0-1

[Event "KONIK MORSKI REWALA 2013<br>Miedzynarodo"]
[Site "<font size="]
[Date "2013.08.28"]
[Round "8.3"]
[White "Strzemiecki, Zbigniew"]
[Black "Rudolf, Michal"]
[Result "1/2-1/2"]
[WhiteElo "2437"]
[BlackElo "2367"]
[PlyCount "27"]
[EventDate "2013.??.??"]

1. e4 c6 2. c4 d5 3. exd5 cxd5 4. cxd5 Nf6 5. Qa4+ Nbd7 6. Nc3 g6 7. Bc4 Bg7 8.
Nf3 O-O 9. d3 a6 10. Qa3 Nb6 11. Qb3 e6 12. dxe6 Nxc4 13. exf7+ Rxf7 14. dxc4
1/2-1/2

[Event "KONIK MORSKI REWALA 2013<br>Miedzynarodo"]
[Site "<font size="]
[Date "2013.08.28"]
[Round "8.4"]
[White "Tokarski, Lukasz"]
[Black "Musialkiewicz, Jan"]
[Result "1-0"]
[WhiteElo "2270"]
[BlackElo "2266"]
[PlyCount "63"]
[EventDate "2013.??.??"]

1. e4 c5 2. Nf3 d6 3. d4 cxd4 4. Nxd4 Nf6 5. Nc3 a6 6. f4 e6 7. Qf3 Nbd7 8. g4
h6 9. h4 e5 10. Nf5 g6 11. Ne3 exf4 12. Qxf4 Ne5 13. Be2 Be6 14. Bd2 Be7 15.
O-O-O Nfd7 16. Nf5 gxf5 17. exf5 Qc7 18. fxe6 fxe6 19. g5 hxg5 20. hxg5 O-O-O
21. Rh6 Rdf8 22. Qg3 Rxh6 23. gxh6 Nf6 24. Qh3 Qd7 25. Rg1 Rf7 26. Bg5 Bf8 27.
Bxf6 Rxf6 28. h7 Bh6+ 29. Kb1 Qxh7 30. Nd5 Rf5 31. Rg8+ Kd7 32. Qb3 1-0

[Event "KONIK MORSKI REWALA 2013<br>Miedzynarodo"]
[Site "<font size="]
[Date "2013.08.28"]
[Round "8.5"]
[White "Sieciechowicz, Marcin"]
[Black "Skawinski, Arkadiusz"]
[Result "0-1"]
[WhiteElo "2458"]
[BlackElo "2284"]
[PlyCount "54"]
[EventDate "2013.??.??"]

1. d4 d5 2. c4 c6 3. Nf3 Nf6 4. Nc3 e6 5. Bg5 dxc4 6. e4 b5 7. e5 h6 8. Bh4 g5
9. Nxg5 hxg5 10. Bxg5 Nbd7 11. g3 Bb7 12. exf6 c5 13. d5 Nxf6 14. Bg2 Be7 15.
O-O Nxd5 16. Bxe7 Kxe7 17. Nxb5 Qb6 18. Na3 Rh4 19. Qc1 Nf4 20. gxf4 Bxg2 21.
Kxg2 Qb7+ 22. f3 Rg8+ 23. Kf2 Rxh2+ 24. Ke3 Qd5 25. Rd1 Rgg2 26. Qxc4 Rd2 27.
Re1 f5 0-1

[Event "KONIK MORSKI REWALA 2013<br>Miedzynarodo"]
[Site "<font size="]
[Date "2013.08.28"]
[Round "8.7"]
[White "Kamieniecki, Tomasz"]
[Black "Voloshin, Leonid"]
[Result "0-1"]
[WhiteElo "1974"]
[BlackElo "2420"]
[PlyCount "70"]
[EventDate "2013.??.??"]

1. d4 d6 2. c4 e5 3. dxe5 dxe5 4. Qxd8+ Kxd8 5. a3 Be6 6. e3 a5 7. Nf3 f6 8. b3
c6 9. Nc3 Nd7 10. Bd3 Nc5 11. Bc2 a4 12. b4 Nb3 13. Bxb3 axb3 14. Rb1 Bxc4 15.
Nd2 Bf7 16. Nxb3 Kc7 17. f3 Ne7 18. e4 Nc8 19. O-O Nd6 20. Nd2 Be7 21. Bb2 Rad8
22. Rfd1 Rd7 23. Rbc1 Rhd8 24. Kf2 Nf5 25. Nf1 Nd4 26. Ne3 Kb8 27. Ne2 Bb3 28.
Rd2 Nb5 29. Rxd7 Rxd7 30. Ke1 Rd3 31. Nf5 Bf8 32. Nc3 g6 33. Ke2 Bc4 34. Ne3
Rxe3+ 35. Kxe3 Bh6+ 0-1

[Event "KONIK MORSKI REWALA 2013<br>Miedzynarodo"]
[Site "<font size="]
[Date "2013.08.28"]
[Round "8.8"]
[White "Khamidov, Komil"]
[Black "Polok, Kacper"]
[Result "1-0"]
[WhiteElo "2068"]
[BlackElo "2213"]
[PlyCount "48"]
[EventDate "2013.??.??"]

1. Nf3 d5 2. c4 c6 3. b3 Nf6 4. Bb2 g6 5. g3 Bg7 6. Bg2 O-O 7. O-O Re8 8. d4 b6
9. Ne5 Bb7 10. Nc3 a5 11. Rc1 Na6 12. f4 e6 13. e4 Rc8 14. g4 dxe4 15. g5 Nh5
16. Nxe4 f6 17. gxf6 Nxf6 18. Ng5 Rc7 19. Rf2 Nh5 20. Qg4 Qf6 21. Be4 Bc8 22.
Nxh7 Kxh7 23. Bxg6+ Kg8 24. Bxe8 Ng3 1-0

[Event "KONIK MORSKI REWALA 2013<br>Miedzynarodo"]
[Site "<font size="]
[Date "2013.08.28"]
[Round "8.9"]
[White "Reza, Wojciech"]
[Black "Marusenko, Petr"]
[Result "1-0"]
[WhiteElo "2135"]
[BlackElo "2192"]
[PlyCount "91"]
[EventDate "2013.??.??"]

1. e4 c6 2. d4 d5 3. Nc3 dxe4 4. Nxe4 Bf5 5. Ng3 Bg6 6. h4 h6 7. Nf3 Nd7 8. Bd3
Bxd3 9. Qxd3 Qc7 10. O-O e6 11. c4 Ngf6 12. Re1 Be7 13. Bd2 O-O 14. Rad1 Rfd8
15. Bc3 a5 16. Ne4 Nxe4 17. Qxe4 Bf6 18. g4 g6 19. g5 hxg5 20. hxg5 Bg7 21. Kg2
c5 22. d5 exd5 23. cxd5 Bxc3 24. bxc3 Kg7 25. d6 Qc6 26. Qxc6 bxc6 27. Ne5 Ra6
28. Nxd7 Rxd7 29. Re7 Raa7 30. Re5 a4 31. Rxc5 Ra6 32. f4 f6 33. gxf6+ Kxf6 34.
Kf3 a3 35. Ke4 Rb6 36. c4 Ra6 37. f5 Ra8 38. Rxc6 gxf5+ 39. Kd5 Rf8 40. Rc7
Rdd8 41. c5 f4 42. Ra7 f3 43. Rxa3 Kg5 44. Rg1+ Kf4 45. Rxf3+ Kxf3 46. Rf1+ 1-0

[Event "KONIK MORSKI REWALA 2013<br>Miedzynarodo"]
[Site "<font size="]
[Date "2013.08.28"]
[Round "8.10"]
[White "Musialkiewicz, Pawel"]
[Black "Adamowicz, Maciej"]
[Result "1-0"]
[WhiteElo "2191"]
[BlackElo "2071"]
[PlyCount "125"]
[EventDate "2013.??.??"]

1. d4 Nf6 2. c4 c5 3. d5 b5 4. cxb5 a6 5. bxa6 Bxa6 6. Nc3 g6 7. g3 d6 8. Bg2
Bg7 9. Nf3 O-O 10. O-O Nbd7 11. Rb1 Qa5 12. Bd2 Rfb8 13. Qc2 Ne8 14. a4 Qb6 15.
b3 Nc7 16. Rfd1 Bb7 17. e4 Na6 18. Nb5 Rc8 19. Bc3 Nb4 20. Qb2 Bh6 21. Ne1 Ba6
22. Bf1 Nf6 23. Bxf6 exf6 24. Qxf6 Bxb5 25. Bxb5 Bg7 26. Qf3 Na2 27. Rd3 Qa5
28. Nc2 Nc3 29. Rxc3 Qxc3 30. Qxc3 Bxc3 31. Na3 Kf8 32. Nc4 Rd8 33. Rd1 f6 34.
Rd3 Bd4 35. Kg2 Ke7 36. f4 Rdb8 37. b4 Rf8 38. Na5 Rxa5 39. bxa5 Ra8 40. a6 Kd8
41. Rb3 Kc7 42. Kf3 Rb8 43. Ke2 Kb6 44. Kd3 Ka7 45. Kc4 Rb6 46. g4 Rb8 47. Rh3
Rh8 48. g5 Kb6 49. gxf6 Bxf6 50. Rb3 Bd4 51. Rh3 h6 52. e5 dxe5 53. fxe5 Bxe5
54. Re3 Bxh2 55. Re6+ Ka7 56. Re7+ Kb6 57. Re6+ Ka7 58. Re7+ Kb6 59. a7 Bc7 60.
a5+ Kxa5 61. Rxc7 Kb6 62. Rg7 Ra8 63. Rxg6+ 1-0

[Event "KONIK MORSKI REWALA 2013<br>Miedzynarodo"]
[Site "<font size="]
[Date "2013.08.28"]
[Round "8.11"]
[White "Nowak, Lukasz"]
[Black "Weichhold, Pawel"]
[Result "1-0"]
[WhiteElo "1994"]
[BlackElo "2420"]
[PlyCount "59"]
[EventDate "2013.??.??"]

1. e4 c5 2. Nf3 e6 3. d4 cxd4 4. Nxd4 a6 5. Bd3 Bc5 6. Nb3 Be7 7. Be3 Nf6 8. f4
d6 9. Qf3 Nc6 10. Nc3 Qc7 11. g4 b5 12. g5 Nd7 13. O-O-O Nb6 14. Kb1 Rb8 15.
Qf2 Na4 16. Ne2 Na5 17. Nxa5 Qxa5 18. Nd4 Qc7 19. f5 Nc5 20. Rhf1 e5 21. f6
gxf6 22. gxf6 exd4 23. fxe7 Be6 24. Bxd4 Rg8 25. e5 Nxd3 26. exd6 Qxd6 27. Rxd3
Qxe7 28. Bf6 Qc7 29. Rfd1 Rg6 30. Qf4 1-0

[Event "KONIK MORSKI REWALA 2013<br>Miedzynarodo"]
[Site "<font size="]
[Date "2013.08.28"]
[Round "8.12"]
[White "Wacior, Maciej"]
[Black "Jacek, Krystian"]
[Result "1/2-1/2"]
[WhiteElo "1797"]
[BlackElo "2166"]
[PlyCount "102"]
[EventDate "2013.??.??"]

1. d4 c5 2. c3 Nf6 3. Nf3 Qc7 4. Bg5 Ne4 5. e3 cxd4 6. exd4 Nxg5 7. Nxg5 h6 8.
Nf3 g6 9. Bd3 Bg7 10. O-O O-O 11. Re1 d6 12. Nbd2 e5 13. dxe5 dxe5 14. Qb3 Nc6
15. Bc4 Na5 16. Qb4 Nc6 17. Qb3 Bg4 18. Bd5 Rad8 19. Qc4 Qd7 20. Bxc6 bxc6 21.
h3 Be6 22. Qe2 Rfe8 23. Ne4 Qe7 24. Ng3 Bc8 25. Rad1 Rxd1 26. Rxd1 Qe6 27. b3
f5 28. Qd2 e4 29. Nd4 Qf6 30. Nde2 Bf8 31. Qe3 Qf7 32. f4 exf3 33. Qxf3 Bb7 34.
Qf4 c5 35. Nc1 g5 36. Qxf5 Qxf5 37. Nxf5 Re5 38. Ng3 c4 39. bxc4 Ba6 40. Nb3
Bxc4 41. Rd7 Bf7 42. Nd4 Ra5 43. Ngf5 Bg6 44. g4 Bxf5 45. Nxf5 Rxa2 46. Ne7+
Kf7 47. Nf5+ Kf6 48. Rc7 h5 49. gxh5 Kxf5 50. Rf7+ Ke4 51. Rxf8 Ra6 1/2-1/2

[Event "KONIK MORSKI REWALA 2013<br>Miedzynarodo"]
[Site "<font size="]
[Date "2013.08.28"]
[Round "8.13"]
[White "Harazinska, Ewa"]
[Black "Smola, Michal"]
[Result "1-0"]
[WhiteElo "2041"]
[BlackElo "2160"]
[PlyCount "81"]
[EventDate "2013.??.??"]

1. d4 b6 2. c4 Bb7 3. Nc3 Nf6 4. f3 e6 5. e4 d6 6. Bd3 Be7 7. Nge2 O-O 8. O-O
e5 9. Be3 c6 10. Ng3 Na6 11. Qd2 exd4 12. Bxd4 Nc5 13. Rfd1 Bc8 14. Bc2 Be6 15.
Qe2 a5 16. h3 Qc7 17. f4 Rad8 18. Rd2 Ne8 19. Rad1 Bf6 20. Be3 Bc8 21. Nh5 Be7
22. Ng3 Bh4 23. Bf2 Ba6 24. e5 g6 25. b3 Ng7 26. exd6 Qd7 27. Nge4 Bxf2+ 28.
Qxf2 Nxe4 29. Nxe4 f5 30. Ng5 c5 31. Nf3 Ne6 32. Ne5 Qb7 33. Re1 Nd4 34. d7 b5
35. Rxd4 cxd4 36. c5 b4 37. Qxd4 Bb5 38. Bd3 Bxd3 39. Qxd3 Rf6 40. Kh2 Kg7 41.
Qd4 1-0

[Event "KONIK MORSKI REWALA 2013<br>Miedzynarodo"]
[Site "<font size="]
[Date "2013.08.28"]
[Round "8.14"]
[White "Zombirt, Filip"]
[Black "Brzezinski, Mateusz"]
[Result "1-0"]
[WhiteElo "1964"]
[BlackElo "2137"]
[PlyCount "67"]
[EventDate "2013.??.??"]

1. d4 Nf6 2. c4 g6 3. Nc3 d5 4. cxd5 Nxd5 5. e4 Nxc3 6. bxc3 Bg7 7. Nf3 c5 8.
Rb1 O-O 9. Be2 cxd4 10. cxd4 Qa5+ 11. Bd2 Qxa2 12. O-O Qe6 13. Qc2 b6 14. d5
Qd7 15. Bb5 Qd8 16. Bf4 Ba6 17. Bxa6 Nxa6 18. Ne5 Nc5 19. Nc6 Qd7 20. Rfd1 Rac8
21. Be3 Nb7 22. Qa2 Ra8 23. Rbc1 Rfc8 24. e5 Nd8 25. e6 fxe6 26. dxe6 Qb7 27.
Rd7 Rxc6 28. Rxb7 Rxc1+ 29. Bxc1 Nxb7 30. Bg5 Kf8 31. Qd5 Rd8 32. Qf3+ Kg8 33.
Bxe7 Rc8 34. g3 1-0

[Event "KONIK MORSKI REWALA 2013<br>Miedzynarodo"]
[Site "<font size="]
[Date "2013.08.28"]
[Round "8.15"]
[White "Kiolbasa, Oliwia"]
[Black "Janus, Przemyslaw"]
[Result "1-0"]
[WhiteElo "1955"]
[BlackElo "2121"]
[PlyCount "51"]
[EventDate "2013.??.??"]

1. e4 c5 2. Nf3 d6 3. d4 cxd4 4. Nxd4 Nf6 5. Nc3 g6 6. Be3 Nc6 7. f3 Bg7 8. Qd2
O-O 9. O-O-O Nxd4 10. Bxd4 Be6 11. Kb1 Qc7 12. h4 Rfc8 13. h5 Qa5 14. hxg6 hxg6
15. a3 a6 16. Bd3 b5 17. Qg5 Qc7 18. Rh4 Rab8 19. Rdh1 b4 20. e5 dxe5 21. Bxe5
Qc6 22. Ne4 bxa3 23. Nxf6+ exf6 24. Rh8+ Bxh8 25. Rxh8+ Kxh8 26. Qxf6+ 1-0

[Event "KONIK MORSKI REWALA 2013<br>Miedzynarodo"]
[Site "<font size="]
[Date "2013.08.28"]
[Round "8.16"]
[White "Wisniewski, Michal"]
[Black "Karwowski, Kacper"]
[Result "1/2-1/2"]
[WhiteElo "1876"]
[BlackElo "1904"]
[PlyCount "109"]
[EventDate "2013.??.??"]

1. e4 c5 2. Nf3 e6 3. d4 cxd4 4. Nxd4 Nc6 5. Nb5 d6 6. c4 a6 7. N5a3 Nf6 8. Nc3
Be7 9. Be2 O-O 10. O-O Qc7 11. Be3 b6 12. f4 Bb7 13. Bf3 Rfd8 14. Qe2 Nd7 15.
Rab1 Bf6 16. Qf2 Nb4 17. e5 dxe5 18. fxe5 Nxe5 19. Bxb6 Nxf3+ 20. gxf3 Qxb6 21.
Qxb6 Bd4+ 22. Qxd4 Rxd4 23. Rbd1 Rxd1 24. Rxd1 Bxf3 25. Rd6 g5 26. Kf2 g4 27.
Nab1 Kf8 28. Nd2 Ke7 29. Rb6 Nd3+ 30. Ke3 Ne5 31. Kf4 Nd7 32. Rb4 Nc5 33. Kg3
Bc6 34. Rb6 Kd6 35. Nb5+ axb5 36. cxb5 Rxa2 37. Nc4+ Kd5 38. bxc6 Ra7 39. Na3
Rc7 40. b4 Ne4+ 41. Kf4 Nd6 42. b5 f5 43. Rb8 e5+ 44. Kg3 Kc5 45. h3 h5 46.
hxg4 hxg4 47. Rf8 Kb4 48. Rd8 Ne4+ 49. Kg2 Nc5 50. Rd5 Ne6 51. b6 Rxc6 52. b7
Nf4+ 53. Kf2 g3+ 54. Kxg3 Rg6+ 55. Kf3 1/2-1/2

[Event "KONIK MORSKI REWALA 2013<br>Miedzynarodo"]
[Site "<font size="]
[Date "2013.08.28"]
[Round "8.17"]
[White "Pietocha, Pawel"]
[Black "Kucza, Karol"]
[Result "0-1"]
[WhiteElo "2118"]
[BlackElo "1989"]
[PlyCount "80"]
[EventDate "2013.??.??"]

1. d4 d5 2. c4 c6 3. Nf3 Nf6 4. e3 e6 5. Qc2 Nbd7 6. Nbd2 Be7 7. Bd3 O-O 8. O-O
b6 9. b3 Bb7 10. Bb2 Rc8 11. Rad1 c5 12. Ne5 cxd4 13. exd4 dxc4 14. bxc4 h6 15.
f4 Nd5 16. Rde1 Nb4 17. Qb3 Nxd3 18. Qxd3 Qc7 19. Re3 Nxe5 20. fxe5 Bg5 21. Rg3
Rfd8 22. Rc1 Bf4 23. Rg4 Qxe5 24. dxe5 Rxd3 25. Rxf4 Rxd2 26. Rf2 Rxf2 27. Kxf2
Ba6 28. c5 bxc5 29. Ba3 c4 30. Ke3 Bb7 31. g3 Bd5 32. Rc3 Rb8 33. Kd4 Rb5 34.
Bc5 Rb2 35. a3 a6 36. h4 h5 37. Bb4 Re2 38. Bd6 Kh7 39. Kc5 Rb2 40. Bc7 Rb3 0-1

[Event "KONIK MORSKI REWALA 2013<br>Miedzynarodo"]
[Site "<font size="]
[Date "2013.08.28"]
[Round "8.18"]
[White "Popiol, Michal"]
[Black "Gosciniak, Maria"]
[Result "1/2-1/2"]
[WhiteElo "1871"]
[BlackElo "2098"]
[PlyCount "119"]
[EventDate "2013.??.??"]

1. d4 e6 2. e4 b6 3. Bd3 Bb7 4. Nf3 d5 5. e5 Ba6 6. Bxa6 Nxa6 7. c3 Qd7 8. O-O
Rc8 9. a3 Ne7 10. Nh4 Ng6 11. Qh5 c5 12. Be3 Be7 13. Nxg6 fxg6 14. Qg4 Nb8 15.
Nd2 O-O 16. Nf3 Rf5 17. b4 cxb4 18. cxb4 b5 19. Rac1 Rxc1 20. Rxc1 Nc6 21. Ne1
a6 22. Nd3 Na7 23. Qe2 Rf8 24. Nc5 Bxc5 25. bxc5 Nc6 26. h4 Rb8 27. h5 gxh5 28.
Qxh5 a5 29. Qd1 b4 30. Qa4 Qb7 31. axb4 axb4 32. Rb1 Qb5 33. Qxb5 Rxb5 34. Kf1
Kf7 35. Ke2 Ra5 36. Rb2 Ke7 37. g4 h6 38. f4 Ra4 39. Kd3 Ra1 40. f5 exf5 41.
gxf5 Rf1 42. Rg2 Kf7 43. Rg6 Ne7 44. Rb6 Nxf5 45. Bd2 Rf3+ 46. Ke2 Nxd4+ 47.
Kd1 Rf1+ 48. Be1 Nf3 49. Ke2 Rxe1+ 50. Kxf3 Rxe5 51. Rxb4 d4 52. c6 d3 53. Rb7+
Kf6 54. Rd7 Rc5 55. c7 h5 56. Ke3 g5 57. Kxd3 Ke6 58. Rg7 g4 59. Rg5 Rxc7 60.
Rxh5 1/2-1/2

[Event "KONIK MORSKI REWALA 2013<br>Miedzynarodo"]
[Site "<font size="]
[Date "2013.08.28"]
[Round "8.19"]
[White "Czyz, Artur"]
[Black "Puczylowski, Marcin"]
[Result "1-0"]
[WhiteElo "2042"]
[BlackElo "2033"]
[PlyCount "95"]
[EventDate "2013.??.??"]

1. e4 c5 2. Nf3 Nc6 3. d4 cxd4 4. Nxd4 e5 5. Nb5 Nf6 6. N1c3 d6 7. Bg5 a6 8.
Na3 Be6 9. Nc4 Rc8 10. Bxf6 Qxf6 11. Nb6 Rb8 12. Ncd5 Qd8 13. c3 Be7 14. Bd3
O-O 15. O-O Bg5 16. Qe2 Ne7 17. Bc4 Nxd5 18. Nxd5 Kh8 19. a4 f5 20. exf5 Bxf5
21. a5 Rc8 22. Bd3 Rc5 23. Bxf5 Rxd5 24. Bd3 g6 25. b4 Qc7 26. Qe4 Qc6 27. g3
Rc8 28. Rad1 Kg7 29. h4 Bf6 30. h5 Rxd3 31. Qxd3 Rd8 32. hxg6 hxg6 33. c4 Qd7
34. Kg2 Qa4 35. Rb1 Rd7 36. Qd5 Qc2 37. Rfc1 Qf5 38. Rh1 Bg5 39. Qf3 Qe6 40.
Qe4 Rc7 41. Rhd1 Rf7 42. b5 axb5 43. Rxb5 Qf6 44. f3 Qe7 45. Rdb1 Qc7 46. Qd5
e4 47. Rxb7 exf3+ 48. Qxf3 1-0

[Event "KONIK MORSKI REWALA 2013<br>Miedzynarodo"]
[Site "<font size="]
[Date "2013.08.28"]
[Round "8.21"]
[White "Marczuk, Anna"]
[Black "Marczuk, Dominik"]
[Result "1/2-1/2"]
[WhiteElo "1780"]
[BlackElo "2049"]
[PlyCount "70"]
[EventDate "2013.??.??"]

1. d4 Nf6 2. c4 g6 3. Nc3 d5 4. cxd5 Nxd5 5. e4 Nxc3 6. bxc3 Bg7 7. Nf3 c5 8.
Rb1 O-O 9. Be2 cxd4 10. cxd4 Qa5+ 11. Bd2 Qxa2 12. O-O Bg4 13. Bg5 h6 14. Be3
Nc6 15. d5 Ne5 16. Rxb7 Bxf3 17. Bxf3 e6 18. dxe6 Nxf3+ 19. Qxf3 Qxe6 20. Rxa7
Rxa7 21. Bxa7 Re8 22. Re1 f5 23. Qe3 fxe4 24. f3 Qc4 25. fxe4 Re7 26. Bc5 Qc3
27. Qxc3 Bxc3 28. Bxe7 Bxe1 29. Kf1 Ba5 30. Ke2 Kf7 31. Bc5 Bc7 32. h3 h5 33.
g4 hxg4 34. hxg4 Ke6 35. Kf3 Be5 1/2-1/2

[Event "KONIK MORSKI REWALA 2013<br>Miedzynarodo"]
[Site "<font size="]
[Date "2013.08.28"]
[Round "8.22"]
[White "Smolka, Marcin"]
[Black "Spicak, Krzysztof"]
[Result "1-0"]
[WhiteElo "2040"]
[BlackElo "1962"]
[PlyCount "76"]
[EventDate "2013.??.??"]

1. e4 b6 2. d4 Bb7 3. Nc3 e6 4. Nf3 d6 5. Bd3 Nc6 6. Qe2 e5 7. Bb5 a6 8. Bxc6+
Bxc6 9. dxe5 Ne7 10. Bg5 h6 11. Bh4 g5 12. exd6 gxh4 13. dxe7 Qxe7 14. Nd4 Bb7
15. O-O-O Bg7 16. Kb1 O-O 17. Nf5 Qg5 18. Nxg7 Kxg7 19. g3 h3 20. f4 Qg6 21.
Rd7 Rae8 22. Re1 Bc8 23. Rxc7 Qd6 24. Qc4 b5 25. Qc6 Qxc6 26. Rxc6 Rd8 27. Kc1
Rfe8 28. e5 Rd4 29. Rd1 Rxd1+ 30. Kxd1 Rd8+ 31. Rd6 Rxd6+ 32. exd6 Kf6 33. Nd5+
Ke6 34. Nb6 Bd7 35. Nxd7 Kxd7 36. Ke2 Kxd6 37. g4 Kd5 38. Kd3 f6 1-0